00726nam a22001937a 450000500170000001000150001702000260003203500140005803700090007208200120008110000240009324500370011726000420015427001090019630000210030594200260032699900190035295201610037120260529123157.0 aENG-148327 a9788196111670c995.00 aEN-132159 bDBAD a301.133 aDurant, Will989233 aThe Case for India/cWill Durant aNew DelhibBarkha Publications c2024 a111, Street No. 4, Harphool Vihar, BapraulabNew Delhie110043k9711794351mbarkhapublications@gmail.com a228p.;c22cm(hb) 2ddccENh301.133mDUR c216397d216397 001040718NFICaDBADbDBADd2026-05-29eDelivery of Books Act Divisiong995.00l0o301.133 DURpEN-132159r2026-05-29 12:32:16t 1v995.00w2026-05-29yEN